| 000 | 01015nam a22003137a 4500 | ||
|---|---|---|---|
| 003 | CHAP | ||
| 005 | 20220329135422.0 | ||
| 008 | 971013s1975 r 00010 d | ||
| 010 | _a36152 | ||
| 011 | _a37124 | ||
| 035 | _a41243 | ||
| 040 | _cCHAP | ||
| 090 | _aTesis | ||
| 100 | 0 | 0 |
_aPalacios Saldívar, José Antonio. _984833 |
| 245 | _aEfecto de 4 períodos de luz sobre el pollo de engorda | ||
| 260 |
_aMonterrey, N.L. : _bEl autor, _c1975 |
||
| 300 | _a38 h. | ||
| 502 | _aTesis (Ing. Agrónomo) -- Univ. Autónoma de Nuevo León. Fac. de Agronomía | ||
| 590 |
_aALEPH _b10 _c20130110 _lUCH01 _h1301 |
||
| 590 |
_aBATCH-UPD _b10 _c20130110 _lUCH01 _h0108 |
||
| 590 |
_aBATCH-UPD _b10 _c20130110 _lUCH01 _h2249 |
||
| 590 |
_aBATCH-UPD _b10 _c20130410 _lUCH01 _h1543 |
||
| 590 |
_aBATCH-UPD _b10 _c20130914 _lUCH01 _h1736 |
||
| 590 |
_aCONVERSION _b10 _c20130109 _lUCH01 _h1320 |
||
| 650 | 1 | 4 |
_aLuz _xEfecto en aves de corral. _969228 |
| 901 | _aBK | ||
| 942 | _cTESIS | ||
| 949 |
_bBC _cTES _d-94388 _eTS1 _i41243 _si |
||
| 999 |
_c36152 _d36152 |
||